Szczegóły MARC21

Offenheit und Hermetik : zur Möglichkeit des Schreibens nach Auschwitz: ein Vergleich zwischen Günther Grass' Lyrik, der Blechtrommel und dem Spätwerk Paul Celans /

003 -Nazwa inst., której nr kontr. jest w polu 001 [,]
    • @
    • Nazwa instytucji, której n kontrolny jest w polu 001
    • NUKAT
005 -DATA I CZAS OSTATNIEJ MODYFIKACJI [,]
    • @
    • pole kontrolne
    • 20241231100856.0
020 -Międzynarod. znormalizowany nr książki - ISBN [ , ]
    • a
    • Numer ISBN
    • 3631389671 Find
040 -Instytucja sporządzająca opis [ , ]
    • a
    • Instytucja, która sporządziła opis (NP)
    • SZCZ U/AB
    • b
    • Język katalogowania
    • pol
    • e
    • Zasady katalogowania
    • rda
    • c
    • Instytucja, która sporządziła rekord (NP)
    • SZCZ U/ABs
942 -Rodzaj dokumentu [ , ]
    • c
    • Rodzaj dokumentu
    • Książka
100 -Hasło główne - nazwa osobowa [1, ]
    • a
    • Nazwa osobowa (NP)
    • Chong, Jin-Sok
    • d
    • Daty biograficzne (NP)
    • (1958- ).
    • e
    • Rodzaj współpracy
    • Autor
    • 9
    • KHW
    • 640585
245 -Strefa tytułu i oznaczenia odpowiedzialności [1,0]
    • a
    • Tytuł
    • Offenheit und Hermetik : Find
    • b
    • Ciąg dalszy tytułu (NP)
    • zur Möglichkeit des Schreibens nach Auschwitz: ein Vergleich zwischen Günther Grass' Lyrik, der Blechtrommel und dem Spätwerk Paul Celans / Find
    • c
    • Pozostałe elementy strefy tytułu i oznaczenia odpowiedzialności (NP)
    • Jin-Sok Chong.
260 -Strefa adresu wydawniczego [ , ]
    • a
    • Miejsce wydania (P)
    • Frankfurt am Main [i pozostałe] :
    • b
    • Nazwa wydawcy (P)
    • Peter Lang Europäischer Verlag der Wissenschaften,
    • c
    • Data wydania (P)
    • 2002.
300 -Strefa opisu fizycznego [ , ]
    • a
    • Określenie formy książki i/lub objętość (NP)
    • 399 stron ;
    • c
    • Format (NP)
    • 21 cm.
336 -Typ zawartości [ , ]
    • a
    • Termin opisujący typ zawartości
    • Tekst
    • b
    • Kod określający zawartość
    • txt
    • 2
    • Źródło (terminu i kodu)
    • rdacontent
337 -Typ mediów [ , ]
    • a
    • Tryb odtwarzania
    • Bez urządzenia pośredniczącego
    • b
    • Kod typu mediów
    • n
    • 2
    • Źródło (terminu i kodu)
    • rdamedia
338 -Typ/rodzaj nośnika [ , ]
    • a
    • Hasło opisujące typ nośnika
    • Wolumin
    • b
    • Kod typu nośnika
    • nc
    • 2
    • Źródło (terminu i kodu)
    • rdacarrier
490 -Strefa serii i książki wielotomowej - forma nie do wyszukiwania [1, ]
    • a
    • Tytuł (P)
    • Europäische Hochschulschriften. Reihe 1, Deutsche Sprache und Literatur, Find
    • x
    • ISSN (NP)
    • 0721-3301 ;
    • v
    • Numeracja (P)
    • Bd. 1830
830 -Hasło dodatkowe serii i opisu książki wielotomowej - tytuł ujednolicony/tytuł [ ,0]
    • a
    • Tytuł ujednolicony/tytuł (NP)
    • Europäische Hochschulschriften.
    • n
    • Oznaczenie części/podserii/sekcji (P)
    • Reihe 1,
    • p
    • Nazwa części/podserii/sekcji (P)
    • Deutsche Sprache und Literatur
    • x
    • ISSN
    • 0721-3301
    • v
    • Oznaczenie tomu (NP)
    • Bd. 1830
    • 9
    • KHW
    • 8838
502 -Uwaga dot. dysertacji [ , ]
    • a
    • Uwaga dot. dysertacji
    • Praca doktorska. Universität Hamburg, 2001.
504 -Uwaga dot. bibliogr. załącznikowej [ , ]
    • a
    • Uwaga dot. bibliografii załącznikowej
    • Bibliografia na stronach 383-399.
080 -Uniwersalna Klasyfikacja Dziesiętna [ , ]
    • a
    • Symbol klasyfikacji
    • 830(091)-1"19"Grass G.=30
080 -Uniwersalna Klasyfikacja Dziesiętna [ , ]
    • a
    • Symbol klasyfikacji
    • :830(436)(091)-1"19"Celan P.=30
600 -Hasło przedmiotowe w formie nazwy osobowej [1,7]
    • a
    • Nazwa osobowa
    • Grass, Günter
    • d
    • Daty związane z nazwą
    • (1927-2015).
    • t
    • Tytuł
    • Blechtrommel
    • 2
    • Źródło terminu
    • kaba
    • 9
    • KHW
    • 333326
600 -Hasło przedmiotowe w formie nazwy osobowej [1,7]
    • a
    • Nazwa osobowa
    • Grass, Günter
    • d
    • Daty związane z nazwą
    • (1927-2015)
    • x
    • Określnik rzeczowy
    • krytyka i interpretacja.
    • 2
    • Źródło terminu
    • kaba
    • 9
    • KHW
    • 401792
600 -Hasło przedmiotowe w formie nazwy osobowej [1,7]
    • a
    • Nazwa osobowa
    • Celan, Paul
    • d
    • Daty związane z nazwą
    • (1920-1970)
    • x
    • Określnik rzeczowy
    • krytyka i interpretacja.
    • 2
    • Źródło terminu
    • kaba
    • 9
    • KHW
    • 385459
650 -Hasło przedmiotowe [ ,7]
    • a
    • Hasło przedmiotowe
    • Holocaust
    • x
    • Określnik rzeczowy
    • w literaturze.
    • 2
    • Źródło terminu
    • kaba
    • 9
    • KHW
    • 141042
650 -Hasło przedmiotowe [ ,7]
    • a
    • Hasło przedmiotowe
    • Judaizm i literatura
    • z
    • Określnik geograficzny
    • Niemcy.
    • 2
    • Źródło terminu
    • kaba
    • 9
    • KHW
    • 640625
980 -Symbol UKD [ , ]
    • a
    • UKD
    • 830(091)-1"19"Grass G.:830(436)(091)-1"19"Celan P.]=30
710 -Hasło dodatkowe - nazwa ciała zbiorowego [2, ]
    • a
    • Nazwa ciała zbiorowego lub nazwa geograficzna jako pierwszy element (NP)
    • Verlag Peter Lang.
    • e
    • Rodzaj współpracy
    • Wydawca
    • 4
    • Kod relacji
    • pbl
    • 9
    • KHW
    • 613284
920 -ISBN [ , ]
    • a
    • ISBN
    • 3-631-38967-1 Find
Data inwentaryzacji Lokalizacja Numer inwentarzowy Sygnatura Status udost.
2004-11-15BMG.17385Germ. Literaturoznawstwo 24-3